000 02267aam a2200337 i 4500
001 768714001
003 CO-MdFUSB
005 20240531062737.0
007 ta
008 220124t2004 ck ao||| |||| 00| 0 spa d
020 _a9587042565
040 _bspa.
_aCO-MdFUSB
_cCO-MdFUSB
_dCO-MdFUSBC
_erda
041 _aspa
082 0 4 _a278.61
_223
_bB585h
100 _aBidegaín, Ana María,
_eautor
245 1 0 _aHistoria del Cristianismo en Colombia :
_bcorrientes y diversidad
_c/ Ana María Bidegain
264 1 _aBogotá, Colombia :
_bTaurus,
_c[2004]
264 4 _c© 2004
300 _a509 páginas
_c; 24 cm
336 _atexto
_btxt
_2rdacontent
337 _2rdamedia
_asin mediación
_bn
338 _2rdacarrier
_avolumen
_bnc
490 _aColección historia
505 _aLas primeras experiencias cristianas en el Nuevo Reino de Granada: Iglesia indiana y cristianismo indígena. / Mercedes López Rodríguez. -- Cristianismo y poder en la primera evangelización. / Constanza Reyes Escobar. -- El barroco neogranadino: de la redes de poder a la colonización del alma. / Constanza Toquica. -- La expresión de corrientes en la Iglesia neogranadina ante el proceso de reformas borbónicas y la emancipación política (1750-1821). / Ana María Bidegain. -- Del catolicismo ilustrado al catolicismo tradicionalista. / William Elvis Plata Q. -- De las reforma liberales al triunfo del catolicismo intransigente e implantación del paradigma romanizador. / William Elvis Plata Q. -- Primeros intentos de establecimiento del protestantismo en Colombia. Javier Augusto Rodríguez. -- El catolicismo social: entre el integralismo y la Teología de la Liberación. / María T. Cifuentes. -- Corrientes del catolicismo frente a la guerra y la paz en el siglo XX. / María T. -- Cifuentes Protestantismo histórico en Colombia. Pablo Moreno. -- El evangelicalismo y el movimiento pentecostal en Colombia en el siglo XX. / William Beltrán. -- Nuevas espiritualidades y recomposición institucional en la Iglesia Católica: la era del laicado carismático. / María Angélica Ospina
563 _aRústico
650 7 _aCristianismo
_2
_922
650 0 _aHistoria de la Iglesia
_9153
653 _aColombia
942 _cBK
945 _aJTF-925
999 _c41099
_d41099